[Event "Centrocoop Sept op-B"]
[Site "Eforie Nord"]
[Date "1998.??.??"]
[Round "?"]
[White "Sandu, Marius Stefan"]
[Black "Todirel, Ileana Sinziana"]
[Result "1-0"]
[WhiteElo "2150"]
[BlackElo "2135"]
[PlyCount "141"]
[EventDate "1998.09.??"]
[EventType "swiss"]
[EventRounds "11"]
[EventCountry "ROU"]
[SourceTitle "EXT 2000"]
[Source "ChessBase"]
[SourceDate "1999.11.16"]
[SourceVersion "1"]
[SourceVersionDate "1999.11.16"]
[SourceQuality "1"]

1. e4 c5 2. Nf3 e6 3. d4 cxd4 4. Nxd4 a6 5. Nc3 Qc7 6. Be3 Nf6 7. f4 d6 8. Be2 Be7 9. Bf3 Nbd7 10. 0-0 0-0 11. Qe1 Rb8 12. Qg3 Rd8 13. f5 e5 14. Nb3 b5 15. a3 Bb7 16. Rad1 Rbc8 17. h4 Nb6 18. Bh6 Bf8 19. Bg5 Be7 20. h5 Ne8 21. f6 Bxf6 22. Bxf6 Nxf6 23. h6 g6 24. Qg5 Nbd7 25. Rf2 Rf8 26. Rdf1 Qd8 27. g4 Ne8 28. Qe3 Nc5 29. Nxc5 Rxc5 30. g5 Qe7 31. Rd2 Nc7 32. Bg2 Bc8 33. Rf6 Be6 34. Bh3 Ne8 35. Rf3 Rc7 36. Rdf2 Rd7 37. Bxe6 Qxe6 38. Nd5 Rd8 39. Rf1 Qg4+ 40. Rg3 Qe6 41. Qb6 Rc8 42. c3 f5 43. Qb7 Rf7 44. Qxa6 Rc4 45. Qa8 Rc8 46. Qa5 fxe4 47. Rxf7 Qxf7 48. Qxb5 Rc5 49. Qxe8+ Qxe8 50. Nf6+ Kf7 51. Nxe8 Kxe8 52. Kf2 Ke7 53. Ke3 d5 54. Rg2 Rc7 55. Rf2 Rb7 56. a4 Ra7 57. b3 Rb7 58. b4 Rc7 59. Rc2 Rc4 60. a5 Kd6 61. a6 Kc6 62. Ra2 Rxc3+ 63. Ke2 Rh3 64. Ra5 d4 65. a7 d3+ 66. Kd2 Rh2+ 67. Kc3 d2 68. a8Q+ Kd6 69. Qd5+ Ke7 70. Ra7+ Ke8 71. Qg8# 1-0

[Event "Miercurea Ciuc op"]
[Site "Miercurea Ciuc"]
[Date "1998.??.??"]
[Round "1"]
[White "Todirel, Ileana Sinziana"]
[Black "Ionescu, Irina"]
[Result "0-1"]
[WhiteElo "2135"]
[BlackElo "2330"]
[PlyCount "94"]
[EventDate "1998.08.??"]
[EventType "swiss"]
[EventRounds "9"]
[EventCountry "ROU"]
[SourceTitle "EXT 2000"]
[Source "ChessBase"]
[SourceDate "1999.11.16"]
[SourceVersion "1"]
[SourceVersionDate "1999.11.16"]
[SourceQuality "1"]

1. e4 g6 2. d4 Bg7 3. Nf3 c6 4. Nc3 d6 5. h3 Nf6 6. g3 0-0 7. Bg2 Nbd7 8. 0-0 e5 9. Be3 Re8 10. Nd2 b5 11. Re1 Bb7 12. g4 a6 13. Ne2 exd4 14. Bxd4 c5 15. Bxf6 Bxf6 16. c3 Qb6 17. Qc2 c4 18. Nf4 Nc5 19. Rab1 Bg5 20. Nd5 Bxd5 21. exd5 Nd3 22. Rxe8+ Rxe8 23. Ne4 Bh4 24. g5 Re5 25. Qd2 Rxe4 26. Bxe4 Nxf2 27. Kg2 Nxe4 28. Qe2 Nxg5 29. Rf1 Qb7 30. Rd1 Ne6 31. Qf3 Nc5 32. Qf4 Qe7 33. Rf1 Qg5+ 34. Qxg5 Bxg5 35. Rb1 f5 36. b3 cxb3 37. axb3 Bd2 38. c4 b4 39. Kf3 Kf7 40. Ke2 Bc3 41. Kd1 f4 42. Kc2 Kf6 43. Rf1 Kf5 44. Rf2 g5 45. Re2 f3 46. Re8 f2 47. Rf8+ Bf6 0-1

[Event "Centrocoop Sept op-B"]
[Site "Eforie Nord"]
[Date "1998.??.??"]
[Round "?"]
[White "Todirel, Ileana Sinziana"]
[Black "Popescu, Sabina"]
[Result "1-0"]
[WhiteElo "2135"]
[BlackElo "2015"]
[PlyCount "103"]
[EventDate "1998.09.??"]
[EventType "swiss"]
[EventRounds "11"]
[EventCountry "ROU"]
[SourceTitle "EXT 2000"]
[Source "ChessBase"]
[SourceDate "1999.11.16"]
[SourceVersion "1"]
[SourceVersionDate "1999.11.16"]
[SourceQuality "1"]

1. d4 g6 2. e4 Bg7 3. g3 d5 4. e5 Nh6 5. Bg2 c6 6. Ne2 0-0 7. h3 f6 8. exf6 exf6 9. 0-0 Be6 10. Nd2 Na6 11. Nb3 b6 12. c3 Nc7 13. a4 a5 14. Bf4 g5 15. Bxc7 Qxc7 16. Qd2 Nf5 17. Rae1 Rae8 18. Nec1 Bh6 19. Qc2 Nd6 20. Nd2 Bf5 21. Qd1 Bg6 22. Rxe8 Rxe8 23. Re1 Re7 24. Re2 Qd7 25. Bf1 g4 26. Rxe7 Qxe7 27. hxg4 Bxd2 28. Qxd2 Nc4 29. Bxc4 dxc4 30. f3 Qd6 31. Kf2 Kg7 32. Ne2 c5 33. g5 f5 34. Qe3 Kf7 35. Qf4 Ke6 36. dxc5 bxc5 37. Qxc4+ Ke7 38. Qf4 Qb6 39. Qe3+ Kd6 40. Qd2+ Kc6 41. Nf4 Bf7 42. Qc2 c4+ 43. Kg2 Qc5 44. Ne2 Bg6 45. Nd4+ Kd7 46. Qe2 Qd5 47. Qe3 Bf7 48. Nb5 Bh5 49. Qa7+ Kd8 50. Qxa5+ Kd7 51. Qc7+ Ke6 52. Nd4+ 1-0

[Event "Miercurea Ciuc op"]
[Site "Miercurea Ciuc"]
[Date "1998.??.??"]
[Round "4"]
[White "Vajda, Szidonia"]
[Black "Todirel, Ileana Sinziana"]
[Result "1-0"]
[WhiteElo "2325"]
[BlackElo "2135"]
[PlyCount "75"]
[EventDate "1998.08.??"]
[EventType "swiss"]
[EventRounds "9"]
[EventCountry "ROU"]
[SourceTitle "EXT 2000"]
[Source "ChessBase"]
[SourceDate "1999.11.16"]
[SourceVersion "1"]
[SourceVersionDate "1999.11.16"]
[SourceQuality "1"]

1. e4 c5 2. c3 g6 3. d4 cxd4 4. cxd4 d5 5. exd5 Nf6 6. Nc3 Bg7 7. Qb3 0-0 8. Be2 Nbd7 9. Bf3 Nb6 10. Nge2 Bg4 11. Bxg4 Nxg4 12. a4 Qc7 13. Bf4 Qc4 14. Qxc4 Nxc4 15. b3 Nd6 16. Bxd6 exd6 17. h3 Nh6 18. Kd2 a6 19. Kd3 f5 20. Nf4 Rab8 21. Rhe1 Rfe8 22. Re6 Red8 23. Rae1 Rd7 24. Re8+ Rxe8 25. Rxe8+ Kf7 26. Rb8 g5 27. Ne6 Bf6 28. a5 f4 29. Ne4 Be7 30. N4xg5+ Bxg5 31. Nxg5+ Kg6 32. Ne6 Rf7 33. Ke4 Nf5 34. Nxf4+ Kg7 35. Ne6+ Kg6 36. g4 Ng7 37. f4 h5 38. Rg8 1-0

[Event "ROM-chT2"]
[Site "Sovata"]
[Date "1997.??.??"]
[Round "9"]
[White "Oprea, Alina"]
[Black "Todirel, Ileana Sinziana"]
[Result "0-1"]
[WhiteElo "1685"]
[BlackElo "2105"]
[PlyCount "138"]
[EventDate "1997.10.??"]
[EventType "team-tourn"]
[EventRounds "7"]
[EventCountry "ROU"]
[SourceTitle "EXT 2000"]
[Source "ChessBase"]
[SourceDate "1999.11.16"]
[SourceVersion "1"]
[SourceVersionDate "1999.11.16"]
[SourceQuality "1"]

1. e4 c5 2. Nf3 e6 3. d4 cxd4 4. Nxd4 a6 5. Be3 Nf6 6. Bd3 Qc7 7. a3 b5 8. Nc3 Bb7 9. f3 Be7 10. 0-0 0-0 11. g4 d6 12. g5 Nfd7 13. f4 Nb6 14. Qh5 Rd8 15. Rf3 g6 16. Qh4 e5 17. Rh3 h5 18. Nf5 Bf8 19. Ng3 exf4 20. Nxh5 gxh5 21. Qxh5 Bg7 22. Qh7+ Kf8 23. Bxf4 Qc5+ 24. Be3 Bd4 25. Rf1 Qxg5+ 26. Rg3 Qxe3+ 27. Rxe3 Bxe3+ 28. Kg2 Rd7 29. Qh8+ Ke7 30. Qf6+ Ke8 31. Rf3 Bd2 32. Rh3 Re7 33. Qxd6 Bxc3 34. bxc3 N6d7 35. Rh8+ Nf8 36. Qh6 Nbd7 37. Qf4 Rc8 38. h4 Re6 39. h5 Nf6 40. h6 Ke7 41. Qh2 Bxe4+ 42. Bxe4 Rxe4 43. Kf1 Re6 44. Qg2 Rec6 45. Rxf8 Kxf8 46. Qg7+ Ke7 47. h7 Nxh7 48. Qxh7 Rc4 49. Qd3 R8c6 50. Qe3+ Kf8 51. Qe5 Rxc3 52. Qh8+ Ke7 53. Qe5+ Kd7 54. Qf5+ Kc7 55. Qxf7+ Kb6 56. Qe7 R3c4 57. Qd8+ Rc7 58. Qd6+ Ka5 59. Ke1 R7c6 60. Qd2+ Ka4 61. Kd1 a5 62. Qd3 Rxc2 63. Qd4+ R6c4 64. Qd8 R2c3 65. Qb6 Rxa3 66. Kd2 Rac3 67. Qg1 b4 68. Qa1+ Kb5 69. Qe1 Rd4+ 0-1

[Event "ROM-chT2"]
[Site "Sovata"]
[Date "1997.??.??"]
[Round "8"]
[White "Todirel, Ileana Sinziana"]
[Black "Mosnegutu, Mariana"]
[Result "1-0"]
[WhiteElo "2105"]
[BlackElo "2150"]
[PlyCount "123"]
[EventDate "1997.10.??"]
[EventType "team-tourn"]
[EventRounds "7"]
[EventCountry "ROU"]
[SourceTitle "EXT 2000"]
[Source "ChessBase"]
[SourceDate "1999.11.16"]
[SourceVersion "1"]
[SourceVersionDate "1999.11.16"]
[SourceQuality "1"]

1. e4 d6 2. d4 Nf6 3. Nc3 g6 4. g3 Bg7 5. Bg2 0-0 6. h3 c6 7. Nge2 a5 8. a4 Qc7 9. 0-0 e5 10. Be3 Na6 11. Qd2 Nb4 12. Rae1 Nd7 13. g4 Nb6 14. b3 f5 15. gxf5 gxf5 16. f4 fxe4 17. fxe5 Rxf1+ 18. Rxf1 N6d5 19. Nxe4 dxe5 20. c4 Nxe3 21. Qxe3 exd4 22. Nxd4 Qd8 23. Ne2 Nc2 24. Qg3 Be6 25. Nf6+ Kh8 26. Nh5 Qe7 27. Nef4 Bd4+ 28. Kh1 Rg8 29. Qd3 Bxh3 30. Bxh3 Qe3 31. Qxc2 Rg1+ 32. Kh2 Rg5 33. Qe2 Qxe2+ 34. Nxe2 Be5+ 35. Nhg3 h5 36. Rf5 Rxf5 37. Bxf5 h4 38. Kh3 hxg3 39. Nxg3 Kg7 40. Ne4 Kf7 41. c5 Bd4 42. Kg4 Ke7 43. Kf4 Kd8 44. Ng5 Ke7 45. Bc8 b5 46. cxb6 Bxb6 47. Ke5 Bc7+ 48. Kd4 Bd6 49. Bb7 Kd7 50. Nf7 Bg3 51. Ne5+ Kc7 52. Ba8 Bf2+ 53. Kc4 Kb6 54. Nxc6 Be1 55. Ne7 Bf2 56. Nd5+ Ka7 57. Bc6 Ka6 58. Bd7 Be1 59. Bc8+ Ka7 60. Kb5 Kb8 61. Bf5 Kb7 62. Nb6 1-0

[Event "ROM-chT2"]
[Site "Sovata"]
[Date "1997.??.??"]
[Round "3"]
[White "Trofim, Georgiana"]
[Black "Todirel, Ileana Sinziana"]
[Result "1/2-1/2"]
[WhiteElo "2060"]
[BlackElo "2105"]
[PlyCount "109"]
[EventDate "1997.10.??"]
[EventType "team-tourn"]
[EventRounds "7"]
[EventCountry "ROU"]
[SourceTitle "EXT 2000"]
[Source "ChessBase"]
[SourceDate "1999.11.16"]
[SourceVersion "1"]
[SourceVersionDate "1999.11.16"]
[SourceQuality "1"]

1. c4 e5 2. Nf3 Nc6 3. Nc3 Nf6 4. e3 g6 5. d4 d6 6. dxe5 Nxe5 7. Nxe5 dxe5 8. Qxd8+ Kxd8 9. a3 a5 10. e4 c6 11. Be2 Bc5 12. Bg5 Ke7 13. 0-0 Be6 14. Kh1 h6 15. Bd2 g5 16. f3 Rhd8 17. Be1 Nh5 18. b3 Nf4 19. Bd1 a4 20. Nxa4 Rxa4 21. bxa4 Bxc4 22. Rg1 Bxg1 23. Kxg1 Ne2+ 24. Bxe2 Bxe2 25. Kf2 Ba6 26. Bb4+ Ke6 27. Rc1 Rd3 28. Kg3 h5 29. h4 g4 30. Rc3 gxf3 31. Rxd3 Bxd3 32. gxf3 f5 33. exf5+ Bxf5 34. a5 Kd5 35. Kf2 c5 36. Bc3 e4 37. fxe4+ Kxe4 38. Bf6 Kd3 39. Ke1 Bg4 40. Be7 c4 41. a4 c3 42. Bf6 c2 43. Bb2 Bd7 44. Bc1 Bxa4 45. Bb2 Bd7 46. Bc1 Bf5 47. Bb2 Bg6 48. Bc1 Kc3 49. Ke2 Kb3 50. Ke1 Ka2 51. Kd2 Bf5 52. Kc3 Kb1 53. Kd2 Bg4 54. Ba3 Bf3 55. Bc1 1/2-1/2

[Event "ROM-chT"]
[Site "Romania"]
[Date "1993.??.??"]
[Round "9"]
[White "Skripchenko, Almira"]
[Black "Todirel, Ileana Sinziana"]
[Result "1-0"]
[WhiteElo "2190"]
[BlackElo "2020"]
[PlyCount "59"]
[EventDate "1993.??.??"]
[EventType "team"]
[EventRounds "9"]
[EventCountry "ROU"]
[SourceTitle "EXT 1998"]
[Source "ChessBase"]
[SourceDate "1997.11.17"]
[SourceVersion "1"]
[SourceVersionDate "1997.11.17"]
[SourceQuality "1"]

1. e4 c5 2. Nf3 e6 3. d3 Nc6 4. g3 g6 5. Bg2 Bg7 6. 0-0 Nge7 7. Re1 d6 8. c3 0-0 9. d4 cxd4 10. cxd4 d5 11. e5 a6 12. Nc3 Bd7 13. h4 h5 14. Bg5 b5 15. Qd2 Qb6 16. Rad1 Rfe8 17. Bh3 Rac8 18. Qf4 Qb7 19. Nh2 Na5 20. g4 Nc4 21. Rd3 Bc6 22. b3 Nb6 23. gxh5 gxh5 24. Qf3 b4 25. Nd1 Bb5 26. Rde3 Nc6 27. Qxh5 Nxd4 28. Bf6 Ne2+ 29. R1xe2 Bxe2 30. Qg5 1-0